[Event "Carballo Concello 6th"]
[Site "Carballo"]
[Date "2023.08.25"]
[Round "1"]
[White "Marrozos Loureiro, Uxia"]
[Black "Gomez Ledo, Roberto Carlos"]
[Result "0-1"]
[WhiteElo "1283"]
[BlackElo "2432"]
[PlyCount "60"]
[EventDate "2023.08.25"]
[EventType "swiss"]
[EventRounds "9"]
[EventCountry "ESP"]
[SourceTitle "EXT 2024"]
[Source "ChessBase"]
[SourceDate "2023.10.10"]
[SourceVersion "1"]
[SourceVersionDate "2023.10.10"]
[SourceQuality "1"]

1. Nf3 d5 2. g3 Bf5 3. Bg2 Nc6 4. d3 e5 5. 0-0 Qd7 6. Nbd2 Bh3 7. c4 Bxg2 8. Kxg2 Nf6 9. Rh1 e4 10. dxe4 dxe4 11. Ng5 0-0-0 12. a3 Bc5 13. e3 h6 14. Nh3 Ne5 15. Qc2 Qg4 16. Nf4 Nd3 17. b4 Nxf4+ 18. exf4 Bd4 19. Bb2 Qe2 20. Bxd4 Rxd4 21. Ra2 Rxd2 22. Qxd2 Qf3+ 23. Kg1 Rd8 24. Qxd8+ Kxd8 25. Rd2+ Kc8 26. Ra2 e3 27. fxe3 Qxe3+ 28. Kf1 Qd3+ 29. Kg2 Qe4+ 30. Kg1 Qb1+ 0-1